000 00734nam a22002057a 4500
005 20210325174028.0
008 s2525 th tha d
041 _atha
050 _aDS578.32 ร636บ 2525
100 0 _aรุ่งโรจน์ ศรีสุบรรณ
245 1 0 _aบุญชูทำแบ็งค์
260 3 _aกรุงเทพฯ :
_bอ. อิทธิพล,
_c2525
300 _a266 หน้า :
_b ภาพประกอบ ;
_c 21 ซม.
650 0 4 _aธนาคารพาณิชย์ -- ไทย
650 0 4 _aบุญชู โรจนเสถียร, 2464--
850 _aNALT
942 _cGB
997 _c000000000002954
998 _aNarumon Suwan
999 _c2954
_d2954